Stanovení mezery DPH - případ České republiky
Kvantifikácia odhadu medzery dane z pridanej hodnoty v Českej republike, a to pri aplikácii dostupných štandardizovaných metód odhadu daňovej medzery DPH.
Saved in:
| Main Author: | |
|---|---|
| Other Authors: | , |
| Format: | Book Chapter |
| Language: | Czech |
| Subjects: | |
| Tags: |
No Tags, Be the first to tag this record!
|
MARC
| LEADER | 00000naa a2200000 4500 | ||
|---|---|---|---|
| 001 | 0247612 | ||
| 005 | 20221104112124.2 | ||
| 041 | 0 | |a cze | |
| 044 | |a CZ | ||
| 245 | 1 | 0 | |a Stanovení mezery DPH - případ České republiky |c Lukáš Moravec, Jana Hinke, Stanislav Kaňka |
| 520 | |a Kvantifikácia odhadu medzery dane z pridanej hodnoty v Českej republike, a to pri aplikácii dostupných štandardizovaných metód odhadu daňovej medzery DPH. | ||
| 610 | 2 | 0 | |a dane z hodnoty pridanej |
| 610 | 2 | 0 | |a sadzby daňové |
| 610 | 2 | 0 | |a rozpočet štátny |
| 610 | 2 | 0 | |a Česko |
| 610 | 2 | 0 | |a ekonomika tieňová |
| 100 | 1 | |a Moravec, Lukáš | |
| 700 | 1 | |a Hinke, Jana | |
| 700 | 1 | |a Kaňka, Stanislav | |